U.S. States From Most Red to Most Blue - Statistics

General Stats
  • This quiz has been taken 33 times
  • The average score is 28 of 50
Answer Stats
Point Difference Answer % Correct
45.8% Wyoming
89%
34.3% Oklahoma
79%
-31.5% Vermont
79%
41.9% West Virginia
79%
30.49% Alabama
74%
30.5% Kentucky
74%
36.4% North Dakota
74%
29.7% Tennessee
74%
36.5% Idaho
68%
29.2% South Dakota
68%
21.6% Utah
68%
30.6% Arkansas
63%
19% Indiana
63%
-28.5% Maryland
63%
-25.2% Massachusetts
63%
22.9% Mississippi
63%
-20.1% California
58%
-14.5% Connecticut
58%
13.2% Iowa
58%
22% Louisiana
58%
19.9% Montana
58%
-14.7% Delaware
53%
13.15% Florida
53%
16.1% Kansas
53%
1.4% Michigan
53%
18.4% Missouri
53%
-2.8% New Hampshire
53%
-6% New Mexico
53%
3.2% North Carolina
53%
1.7% Pennsylvania
53%
-13.8% Rhode Island
53%
17.9% South Carolina
53%
13.7% Texas
53%
-5.8% Virginia
53%
-18.2% Washington
53%
5.5% Arizona
47%
2.2% Georgia
47%
-23.1% Hawaii
47%
-10.9% Illinois
47%
-6.9% Maine
47%
3.1% Nevada
47%
-5.9% New Jersey
47%
11.2% Ohio
47%
-14.3% Oregon
47%
13.1% Alaska
42%
-4.2% Minnesota
42%
20.5% Nebraska
42%
0.86% Wisconsin
42%
-11% Colorado
37%
-12.6% New York
37%
No matching quizzes found
Score Distribution
Percent of People with Each Score
Percentile by Number Answered
Your Score History
You have not taken this quiz